| 000 | 00530nam a2200193 a 4500 | ||
|---|---|---|---|
| 003 | BD-DhJNU | ||
| 005 | 20250320034354.0 | ||
| 008 | 250204s2005 ii a b 001 0 eng | ||
| 020 | _a9788183070706 | ||
| 040 |
_aBD-DhJNU _bENG _cBD-DhJNU _dBD-DhJNU |
||
| 082 | 0 | 0 |
_a301.03 SCD _223 |
| 100 | 1 | _aScott, W.P | |
| 245 | 1 | 0 |
_aDictionary of sociology / _cW.P Scott |
| 250 | _a1st ed. | ||
| 260 |
_aDelhi : _bGoyal Publishers & Distributors Pvt Ltd, _c2005. |
||
| 300 |
_a469 p. : _bill. ; _c21 cm. |
||
| 650 | 0 | _aSociology | |
| 942 | _cBK | ||
| 999 |
_c1515 _d1515 |
||